Esthétique du sculpteur / (Record no. 156448)

MARC details
000 -LEADER
campo de control de longitud fija 00725nam a22001935i 4500
001 - NÚMERO DE CONTROL
campo de control 156448
003 - IDENTIFICADOR DE NÚMERO DE CONTROL
campo de control ES-MaACL
005 - FECHA Y HORA DE LA ÚLTIMA TRANSACCIÓN
campo de control 20250816085942.0
008 - DATOS DE LONGITUD FIJA--INFORMACIÓN GENERAL
campo de control de longitud fija 040802s1888 fr |||| | fre d
040 ## - FUENTE DE CATALOGACIÓN
Centro catalogador/agencia de origen CAM
Lengua de catalogación spa
Centro/agencia transcriptor CAM
100 1# - ENTRADA PRINCIPAL--NOMBRE DE PERSONA
Nombre de persona Jouin, Henry.
9 (RLIN) 128366
245 10 - MENCIÓN DEL TÍTULO
Título Esthétique du sculpteur /
Mención de responsabilidad, etc. par Henry Jouin.
260 ## - PUBLICACIÓN, DISTRIBUCIÓN, ETC.
Lugar de publicación, distribución, etc. Paris :
Nombre del editor, distribuidor, etc. Henri Laurens, éditeur,
Fecha de publicación, distribución, etc. 1888 (
Lugar de fabricación/manufactura Abbeville :
Fabricante Typ. et stér. A. Retaux)
300 ## - DESCRIPCIÓN FÍSICA
Extensión 316 p. ;
Dimensiones 22 cm.
505 8# - NOTA DE CONTENIDO CON FORMATO
Nota de contenido con formato Contiene : Philosophie de l'art plastique ; La statue ; Le groupe ; Le buste ; Le bas-relief ; Les pierres gravées ; Les médailles
650 07 - PUNTO DE ACCESO ADICIONAL DE MATERIA--TÉRMINO DE MATERIA
Término de materia o nombre geográfico como elemento de entrada Escultura
Fuente del encabezamiento o término embne
9 (RLIN) 12417
852 ## - LOCALIZACIÓN
Ubicación ES-MaACL
Número de control de estantería F-12736
Nota libre -- Enc. hol.
Holdings
Estatus retirado Estado de pérdida Estado de daño No para préstamo Colección Biblioteca de origen Biblioteca actual Ubicación en estantería Fecha de adquisición Fuente de adquisición Total de préstamos Signatura topográfica completa Código de barras Visto por última vez Precio de reemplazo Tipo de ítem Koha
        Libros del s. XIX Biblioteca del Ateneo de Madrid Biblioteca del Ateneo de Madrid Sala Pecera Planta 2 17/01/2008     F-12736 1163679 23/02/2023 23/02/2023 Libro impreso antiguo